Score 0/20 Timer 08:00
6 Plays Today
% Correct
Frozen
95.6%
Pokémon (Pikachu)
92.6%
Star Trek
91%
Despicable Me (Minions)
89.4%
Sesame Street (Cookie Monster)
88.3%
Jurassic Park
87.8%
The Rolling Stones
80.8%
Deadpool
74.8%
Sony Playstation
73.3%
National Lampoon's Christmas Vacation
69%
% Correct
The Big Lebowski
68.5%
The Hunger Games
59.5%
Street Fighter (Ken and Ryu)
55.6%
Seinfeld
55.1%
The Walking Dead
53.2%
'Hotline Bling' by Drake
47.4%
Steve Harvey
46.2%
Mean Girls
44%
Die Hard
39.5%
It's a Wonderful Life
39.4%
Remove Ads.
Support Sporcle.
Get the best of Sporcle when you Go Orange. This ad-free experience offers more features, more stats, and more fun while also helping to support Sporcle. Thank you for becoming a member.

You're not logged in!

Compare scores with friends on all Sporcle quizzes.
OR
Log In

Show Comments

Extras

Top Quizzes Today


Score Distribution

Your Account Isn't Verified!

In order to create a playlist on Sporcle, you need to verify the email address you used during registration. Go to your Sporcle Settings to finish the process.

Report this User

Report this user for behavior that violates our Community Guidelines.

Details: